| 000 | 00862cab a2200253 4500 | ||
|---|---|---|---|
| 001 | ABS59739 | ||
| 008 | 090401t1998 xxu||||| |||| 00| 0 eng d | ||
| 035 | _a(Sirsi) u89811 | ||
| 041 | _aeng | ||
| 245 | _aGuide to alternative land use | ||
| 260 | _c1998 | ||
| 350 | _a0 | ||
| 490 |
_aFarm Development Review _v12(10) August 1998, (8) LOAN |
||
| 520 | _aIncludes part two of an article on planning restrictions on farm businesses. Discusses goose production, the continued growth in farm tourism, and the possible effects on farm parks of forthcoming changes in the enforcement of zoo legislation. | ||
| 650 | _aFARM ACCOMMODATION | ||
| 650 | _aFARM BUSINESSES | ||
| 650 | _aFARM PARKS | ||
| 650 | _aGOOSE PRODUCTION | ||
| 650 | _aLICENSING | ||
| 650 | _aPLANNING RESTRICTIONS | ||
| 690 | _aRURAL PRACTICE | ||
| 942 | _n0 | ||
| 948 | _c19/11/1998 | ||
| 999 |
_c56851 _d56851 |
||